[Event "Barrow-van Riel Challenge"]
[Site "Bendigo"]
[Date "2021.05.16"]
[White "van Riel, Bas"]
[Black "Healey, Leigh"]
[Result "1/2-1/2"]
[WhiteElo "1644"]
[BlackElo "1641"]

1.e4 c5 2.Nf3 d6 3.d4 cxd4 4.Nxd4 Nf6 5.Nc3 a6 6.Be2 e5 7.Nb3 Be6 8.Be3 b5
9.Nd5?! Nbd7 10.a4 Bxd5 11.exd5 b4 12.a5 Qc8 13.O-O Be7 14.Qd2 O-O 15.Rfd1 Qb7
16.Ra4 Rfb8 17.Bb6?! {(Bas) At this moment I felt that i had the better
position (a modest +0.63, as it turned out). Both sides were fully developed,
and it was time to contemplate how to expand the advantage (eg having more
space, the pair of bishops, and blacks potentially weak b-pawn). I decided for
a complicated combination with the ultimate purpose of swapping my a-pawn for
black's b-pawn, thereby creating a passer-pawn along the b-file for the long
run.. to queen !?. This became the theme of an interesting game, but it did
not pan out at the end as I had hoped. Leigh defended very well. At hind sight
the immediate 17.f3...would have maintained my better position rather than
risking a rather murky future after Bb3.} Nxb6 18.Rxb4 Qxd5?! {(Bas) Bd8 would
have been slightly better according to Stockfish} 19.axb6 Qxd2 20.Nxd2! Nd5
21.b7!? Ra7 22.Rb3 Nf6 23.Nc4 Raxb7 24.Rxb7 Rxb7 25.b3 Ne8 26.Na5 Rc7 27.Nc4
Rc6 28.Bf3 Rc5 29.Ne3 g6 30.Nd5? {(Bas) A missed chance, overlooking 30.b4,
Rc8 (30...Rc3 fails after 31. Nd5 winning material); 31. Bb7 and 32. Bxa6..
achieving my original goal, but without much punch left.} Bf8 31.c4 {(Bas)
Stockfish gives black a tiny advantage (0.2- 0.5) in this stage of the game,
thanks to his extra pawn.} Kg7 32.Ra1 a5 33.Nc3 f5! {(Bas) active defence by
Leigh} 34.Nb5 Nf6? {(Bas) Leigh could have consolidated his advantage by
playing 34....Be7!;  35.Rxa5, Nc7; 36.Kf1, Nxb5; 37.Rxb5, e4; 38.Rxc5, dxc5;
39.Bd1 (stockfish, -0.45 for black). We both missed this combination.} 35.Rxa5
d5! 36.Ra7+ Kh6 37.Rf7? {(Bas) Overlooking the threat of checkmate at the
backrank after 37...dxc4!; 38.bxc4, Rxc4; 39.h3, and black will be a strong
pawn up (-0.66, stockfish). Leigh told me after the game that he had
considered this line, but 'forgot' to play it..Now the game peters out into a
clear draw.} Bg7 38.Rc7 Rxc7 39.Nxc7 dxc4 40.bxc4 Nd7 41.Bc6 Nc5 42.Bd5 Bf6
43.f3 e4 44.fxe4 fxe4 {0.5-.05. (Bas) I enjoyed this interesting game, even if
it was perhaps more puff and huff than excitement.Thanks Leigh.} {#d} 1/2-1/2

[Event "Barrow-van Riel Challenge"]
[Site "Bendigo"]
[Date "2021.05.16"]
[Round "0"]
[White "Althaf, Rifky"]
[Black "Loveband, Rob"]
[Result "1/2-1/2"]
[WhiteElo "1640"]
[BlackElo "1611"]

1.b3 Nf6 2.Bb2 d5 3.e3 Bf5 4.f4 Nbd7 5.Nf3 e6 6.d3 Bc5 7.Qe2 c6 8.Nbd2 Qb6
9.e4 Bg4 10.h3 Bxf3 11.Qxf3 O-O-O 12.O-O-O Qa5 13.a4 Kb8 14.g4 Rhg8 15.Bg2 Ne8
16.Rhf1 Nc7 17.d4 Be7 18.f5 b5 19.fxe6 fxe6 20.Qf7 Bg5 21.axb5 Qxb5 22.Qh5 h6
23.Qg6 Nf6 24.exd5 cxd5 25.Rfe1 Rc8 26.Kb1 Bh4 27.Re3 Bg5 28.Rc3 Na6 29.Rxc8+
Kxc8 30.Nf3 Qe2 31.Re1 Qxg2 32.Nxg5 hxg5 33.Rxe6 Qf1+ 34.Bc1 Nc7 35.Rc6 Kb7
36.Rc5 Qd1 37.Qf7 Rc8 38.Rb5+ Kc6 39.Rb4 Qe1 40.Ra4 Kb7 41.Qg6 Ne4 42.Ra3 Nc3+
43.Kb2 Nd1+ 44.Ka1 Nc3 45.Kb2 {#d} 1/2-1/2

[Event "Barrow-van Riel Challenge"]
[Site "Bendigo"]
[Date "2021.05.16"]
[Round "0"]
[White "Feinberg, Jules"]
[Black "Schepisi, David"]
[Result "1-0"]
[WhiteElo "1162"]
[BlackElo "1406"]

1.c4 Nf6 2.Nc3 g6 3.Nf3 Bg7 4.g3 c5 5.Bg2 Nc6 6.O-O O-O 7.e3 d6 8.d4 cxd4
9.exd4 e6 10.Re1 Re8 11.a3 Na5 12.b3 a6 13.Nd2 Nd7 14.b4 Nc6 15.Nb3 Nb6 16.Qd3
Qf6 17.h4 h6 18.Be3 Bd7 19.Na5 Rab8 20.Ne4 Qe7 21.Rab1 Nxa5 22.bxa5 Na8 23.Nc3
d5 24.Rb3 dxc4 25.Qxc4 Rec8 26.Qd3 Rc7 27.Bf4 e5 28.Nd5 Qd8 29.Nxc7 Qxc7
30.Bxe5 Bxe5 31.Rxe5 Bb5 32.Qc3 Qd7 33.Qe3 Kg7 34.Re7 Qf5 35.Qe5+ Qxe5 36.dxe5
Kf8 37.Rxb7 Rc8 38.Bd5 Rc1+ 39.Kg2 Nc7 40.Be4 Ne6 41.Rf3 Nc7 42.Rb8+ Kg7
43.Re3 Rc2 44.Bxc2 {#r} 1-0

[Event "Barrow-van Riel Challenge"]
[Site "Mechanics Institute"]
[Date "2022.05.22"]
[White "Leigh Healey"]
[Black "Patrick Cook"]
[Result "1/2-1/2"]
[WhiteElo "1631"]
[BlackElo "1547"]

1.e4 e6 2.d4 d5 3.Nd2 c5 4.exd5 Qxd5 5.Ngf3 cxd4 6.Bc4 Qd6 7.O-O Nf6 8.Re1 Be7
9.Qe2 O-O 10.Ne4 Nxe4 11.Qxe4 Qc6 12.Qd3 a6 13.Ne5 Qc5 14.a3 Nc6 15.Bf4 b5
16.Ba2 Nxe5 17.Bxe5 Bd6 18.Qxd4 Qxd4 19.Bxd4 Bb7 {Black offered a
draw...(P.C.)} 20.Rad1 Rac8 21.c3 Bc5 22.Be5 Rfd8 23.Bb3 Kf8 24.Bg3 Be7 25.h3
Rxd1 26.Rxd1 Rd8 {Black offered a draw...(P.C.)} 27.Rxd8+ Bxd8 28.Bd6+ Be7
29.Be5 f6 30.Bd4 e5 31.Be3 Bd6 32.f3 Ke7 33.Kf2 h6 34.c4 bxc4 35.Bxc4 Kd7
36.Bd3 Ke6 37.Bc4+ Kd7 38.g3 g5 39.Bd3 Ke6 40.g4 Kd7 41.Bb6 Bc7 42.Bf5+ Kd6
43.Be3 Bc6 44.Ba7 Bd7 45.Bc2 Bc6 46.Ke3 Bb5 47.b4 Bc6 48.Bf5 Bd7 49.Bc5+ Kc6
50.Be4+ Kb5 51.Bd3+ Kc6 52.Bxa6 Bb6 53.Bxb6 Kxb6 54.Bc4 Bc6 55.Be2 Bd5 56.Bd3
Bc6 57.Bc4 Bd7 58.Bb3 Kb5 59.Ke4 Bc6+ 60.Bd5 Bd7 61.Bb3 Bc6+ 62.Ke3 Bb7 63.Kf2
e4 64.fxe4 Bxe4 65.Kg3 f5 66.gxf5 Bxf5 67.Bd5 Bd7 68.Bb3 Bf5 69.Bd1 Bd7 70.h4
gxh4+ 71.Kxh4 Be8 72.Bh5 Bd7 73.Bd1 Be8 74.Kg4 Kc4 75.Be2+ Kb3 76.b5 Bxb5
77.Bxb5 Kxa3 {#d} 1/2-1/2

[Event "Barrow-van Riel Challenge"]
[Site "Mechanics Institute"]
[Date "2022.05.22"]
[White "Bas van Riel"]
[Black "Nigel Barrow"]
[Result "0-1"]
[WhiteElo "1624"]
[BlackElo "1885"]

1.e4 c5 2.Nf3 e6 3.d4 cxd4 4.Nxd4 Nf6 5.Nc3 d6 6.Be3 a6 7.Be2 Be7 8.Qd2 b5
9.a3 Bb7 10.f3 Qc7 11.g4 Nc6 12.O-O-O b4 13.axb4 Nxb4 14.Kb1 Nd7 15.Nb3 Bc6
16.Qd4 a5 17.g5 e5 18.Qc4 Nb6 19.Bxb6 Qxb6 20.Nb5 O-O 21.Nxd6 a4 22.Qc5 axb3!!
23.Qxb6 bxc2+ 24.Kc1 Bxg5+ {#R} 0-1

[Event " Ballarat vs Bendigo"]
[Site "Mechanics Institute"]
[Date "2022.05.22"]
[Round "0"]
[White "Ruari Coffey"]
[Black "Tuấn Ngọc (Paul) Đào"]
[Result "0-1"]
[WhiteElo "1883"]
[BlackElo "1620"]

1.d4 e6 2.c4 Nf6 3.Nc3 d5 4.cxd5 exd5 5.Bg5 Be7 6.e3 O-O 7.Bd3 c6 8.Nge2 Be6
9.Nf4 Nbd7?! 10.Bc2 Bb4?! 11.O-O Bxc3? 12.bxc3 Qa5 13.Nxe6 fxe6 14.Qc1 g6?
15.Bh6?! Rf7 16.Bb3 Nb6?! 17.f3 c5 18.c4 Rc7? 19.Bf4 Rcc8?! 20.Be5? Nfd7
21.dxc5?? Nxe5 22.cxb6 Qxb6?! 23.Kh1? Nxc4?! 24.Re1 Na5? 25.Bc2?? Qc5?
26.Bd3?! Qxc1 27.Rexc1 Rxc1+ 28.Rxc1 Nc6?! 29.e4 Rd8 30.exd5 exd5 31.Kg1 Kf7?
32.Kf2? Kf6 33.Rb1? Ne5 34.Be2 b6 35.Rb4?! Rc8 36.Rf4+ Ke6 37.Ra4?! Rc7 38.f4
Nc6 39.Bg4+ Kf6?! 40.Ke3 a5 41.Bf3?! Ne7?! 42.Kd3?! Ke6 43.Bg4+ Kd6 44.Bd1 Nc6
45.Ra3 Nb4+ 46.Kd2 Rc4 47.g3 Rd4+ 48.Ke2 Re4+ 49.Kf2 d4 50.Rb3 Kc5 51.a3 Na2?!
52.Bf3?! Re7 53.Rb2 Nc3 54.h4 b5 55.h5 b4 56.axb4+ axb4 57.hxg6 hxg6 58.g4 Kc4
59.f5 gxf5 60.gxf5 Rf7 61.Bg4 b3 62.Ke1 Rh7?? 63.Bf3?? Ra7 64.Bh5 Ne4 65.Be2+
Kc3 66.Rb1 b2 67.Bf3 Nd2 68.Rxb2 Nxf3+ {<br /><br />Game may have
continued...} (68...Nxf3+ 69.Kf2 Kxb2 70.Kxf3 d3 71.Ke3 Kc2 72.Kf4 d2 {-58.3})
{#R} 0-1

[Event "Barrow Van Riel Shield"]
[Site "Bendigo"]
[Date "2023.05.21"]
[White "Barrow,Nigel"]
[Black "Watson,James"]
[Result "0-1"]
[WhiteElo "1933"]
[BlackElo "1832"]

1.e4 c5 2.Nf3 Nc6 3.Nc3 g6 4.d4 cxd4 5.Nxd4 Bg7 6.Be3 Nf6 7.Be2 O-O 8.O-O d5
9.exd5 Nxd5 10.Nxd5 Qxd5 11.Bf3 Qa5 12.Nxc6 bxc6 13.c3 Rb8 14.b4 Qa3 15.Qb3
Qxb3 16.axb3 Bxc3 17.Rxa7 Bxb4 18.Bxc6 Be6 19.Ba4 Bd6 20.g3 Bxb3 21.Bxb3 Rxb3
22.Bh6 Rc8 23.Rd7 f6 24.Be3 Kf7 25.Ra1 Rc2 26.Raa7 Ke6 27.Rdb7 Rd3 28.Ra6 Kf5
29.Ra4 h5 30.Rb5+ Ke6 31.Re4+ Kf7 32.Rd4 Ra3 33.Rd2 Rc4 34.Rd4 Rcc3 35.Rb7 Ke6
36.Rb5 g5 37.h4 Be5 38.Rdb4 g4 39.Bd4 Rc1+ 40.Kg2 Bxd4 41.Rxd4 Raa1 42.Re4+
Kf7 {#R} 0-1